[Event "Regency Masters 6th"]
[Site "Ramsgate"]
[Date "1984.12.11"]
[Round "4"]
[White "Mednis, Edmar J"]
[Black "Knoppert, Erik GJ"]
[Result "0-1"]
[WhiteElo "2460"]
[BlackElo "2260"]
[PlyCount "104"]
[EventDate "1984.12.08"]
[EventType "swiss"]
[EventRounds "9"]
[EventCountry "ENG"]
[SourceTitle "BritBase"]
[Source "John Saunders"]
[SourceDate "2020.09.07"]
[SourceVersion "1"]
[SourceVersionDate "2020.09.07"]
[SourceQuality "2"]

1. c4 e5 2. g3 Nf6 3. Bg2 c6 4. d4 exd4 5. Qxd4 d5 6. cxd5 Nxd5 7. Nf3 Qb6 8.
O-O Be6 9. h3 Nd7 10. Nbd2 Rb8 11. b4 Be7 12. Ne4 N7f6 13. Bb2 Nc7 14. Qxb6
axb6 15. Nxf6+ Bxf6 16. Bxf6 gxf6 17. e3 Ra8 18. Nd4 Ke7 19. Rfc1 b5 20. Be4
Ra6 21. h4 h6 22. Rc5 Rha8 23. Rh5 Rxa2 24. Rxa2 Rxa2 25. Rxh6 Ra8 26. Rh5 Na6
27. Nxc6+ bxc6 28. Bxc6 Rc8 29. Bxb5 Bg4 30. Rh6 Nxb4 31. Kg2 Nc2 32. Ba4 Ne1+
33. Kf1 Rc1 34. f4 Nd3+ 35. Kg2 Ra1 36. Bc6 Ra2+ 37. Kg1 Re2 38. Rh8 f5 39.
Re8+ Kf6 40. Bd5 Re1+ 41. Kg2 Re2+ 42. Kg1 Nf2 43. Kf1 Nd1 44. Kg1 Nxe3 45. Bc6
Re1+ 46. Kf2 Re2+ 47. Kg1 Rc2 48. Ba8 Rc1+ 49. Kh2 Rc3 50. Kg1 Bh3 51. Kh2 Nf1+
52. Kxh3 Rxg3# 0-1

[Event "Regency Masters 6th"]
[Site "Ramsgate"]
[Date "1984.12.11"]
[Round "4"]
[White "Peelen, Piet"]
[Black "Povah, Nigel Edward"]
[Result "0-1"]
[WhiteElo "2240"]
[BlackElo "2355"]
[PlyCount "66"]
[EventDate "1984.12.08"]
[EventType "swiss"]
[EventRounds "9"]
[EventCountry "ENG"]
[SourceTitle "BritBase"]
[Source "John Saunders"]
[SourceDate "2020.09.07"]
[SourceVersion "1"]
[SourceVersionDate "2020.09.07"]
[SourceQuality "2"]

1. Nf3 Nf6 2. g3 b6 3. Bg2 Bb7 4. O-O e6 5. d4 c5 6. c4 cxd4 7. Qxd4 Be7 8. Nc3
O-O 9. b3 d6 10. Rd1 Nbd7 11. Bb2 a6 12. Rac1 Qc7 13. Qe3 Rfe8 14. Nd4 Bxg2 15.
Kxg2 Rad8 16. Kg1 Qc5 17. Ne4 Qh5 18. Nf3 Ng4 19. Qd3 Nde5 20. Qd4 f5 21. Ned2
Bf6 22. Qxb6 Nxf3+ 23. Nxf3 Bxb2 24. Rc2 Bf6 25. Rxd6 e5 26. h4 e4 27. Nh2 e3
28. f3 Nxh2 29. Kxh2 Be5 30. Qxd8 Rxd8 31. Rxd8+ Kf7 32. Kh3 Qg6 33. f4 Bxf4
0-1

[Event "Regency Masters 6th"]
[Site "Ramsgate"]
[Date "1984.12.11"]
[Round "4"]
[White "Ravikumar, Vaidyanathan"]
[Black "Solomon, Stephen J"]
[Result "1-0"]
[WhiteElo "2385"]
[BlackElo "2250"]
[PlyCount "83"]
[EventDate "1984.12.08"]
[EventType "swiss"]
[EventRounds "9"]
[EventCountry "ENG"]
[SourceTitle "BritBase"]
[Source "John Saunders"]
[SourceDate "2020.09.07"]
[SourceVersion "1"]
[SourceVersionDate "2020.09.07"]
[SourceQuality "2"]

1. d4 Nf6 2. c4 c5 3. d5 e5 4. Nc3 d6 5. e4 Be7 6. h3 Nbd7 7. Bd3 Nf8 8. Be3 h5
9. Nf3 h4 10. Bc2 Ng6 11. Ba4+ Bd7 12. Qb3 Rb8 13. Bxd7+ Qxd7 14. O-O a6 15. a4
Nh5 16. a5 Kf8 17. Ne2 Bd8 18. Qc2 Nf6 19. Rfb1 Qc8 20. Ne1 Ne7 21. f3 Nd7 22.
Nd3 Ng8 23. Ra2 g5 24. Qd2 f6 25. b4 b6 26. axb6 Bxb6 27. bxc5 Bxc5 28. Rxb8
Bxe3+ 29. Qxe3 Qxb8 30. Rxa6 Ne7 31. c5 Nc8 32. cxd6 Rh7 33. Nc5 Nxc5 34. Qxc5
Rd7 35. Nc3 Nxd6 36. Rb6 Qa7 37. Nb5 Qa1+ 38. Kh2 Qe1 39. Rxd6 Qg3+ 40. Kh1
Rxd6 41. Nxd6 Qe1+ 42. Qg1 1-0

[Event "Regency Masters 6th"]
[Site "Ramsgate"]
[Date "1984.12.11"]
[Round "4"]
[White "Renet, Olivier"]
[Black "Hebden, Mark L"]
[Result "0-1"]
[WhiteElo "2250"]
[BlackElo "2480"]
[PlyCount "74"]
[EventDate "1984.12.08"]
[EventType "swiss"]
[EventRounds "9"]
[EventCountry "ENG"]
[SourceTitle "BritBase"]
[Source "John Saunders"]
[SourceDate "2020.09.07"]
[SourceVersion "1"]
[SourceVersionDate "2020.09.07"]
[SourceQuality "2"]

1. e4 e5 2. Nf3 Nc6 3. Bb5 a6 4. Ba4 Nf6 5. O-O Be7 6. Re1 b5 7. Bb3 O-O 8. d3
d6 9. c3 Na5 10. Bc2 c5 11. Nbd2 Re8 12. Nf1 h6 13. d4 cxd4 14. cxd4 exd4 15.
Nxd4 Bf8 16. Ng3 g6 17. a4 b4 18. Nb3 Nc4 19. Bd3 d5 20. Bf1 Bb7 21. exd5 Rxe1
22. Qxe1 Qxd5 23. Bf4 Nxb2 24. Qe5 Qxb3 25. Qxf6 Bg7 26. Qe7 Bd5 27. Be5 Bxe5
28. Qxe5 Rd8 29. Qf6 Re8 30. Qxa6 Qc3 31. Qb5 Bc6 32. Qa6 Nd3 33. Ra2 Nc1 34.
Ne2 Nxe2+ 35. Rxe2 Rxe2 36. Bxe2 b3 37. Qd3 Qc1+ 0-1

[Event "Regency Masters 6th"]
[Site "Ramsgate"]
[Date "1984.12.11"]
[Round "4"]
[White "Robertson, M AUS.."]
[Black "Cuijpers, Frans Andre"]
[Result "1-0"]
[WhiteElo "2050"]
[BlackElo "2365"]
[PlyCount "90"]
[EventDate "1984.12.08"]
[EventType "swiss"]
[EventRounds "9"]
[EventCountry "ENG"]
[SourceTitle "BritBase"]
[Source "John Saunders"]
[SourceDate "2020.09.07"]
[SourceVersion "1"]
[SourceVersionDate "2020.09.07"]
[SourceQuality "2"]

1. e4 d6 2. d4 Nf6 3. Nc3 g6 4. f4 Bg7 5. Nf3 O-O 6. Be3 b6 7. e5 Ng4 8. Bg1 c5
9. h3 Nh6 10. Bc4 Bb7 11. d5 dxe5 12. fxe5 Nd7 13. Qe2 a6 14. a4 Nf5 15. Bf2
Nd4 16. Nxd4 cxd4 17. Bxd4 Qc7 18. O-O Bxe5 19. Bxe5 Qxe5 20. Qxe5 Nxe5 21. Bb3
Kg7 22. Rad1 Rac8 23. Rfe1 f6 24. d6 exd6 25. Rxd6 Bc6 26. Ne2 Rfd8 27. Red1
Rxd6 28. Rxd6 Be4 29. Nd4 Nc6 30. Ne6+ Kh6 31. c3 g5 32. Bc4 a5 33. Bb3 Kg6 34.
Rd7 Ne5 35. Rd4 Bf5 36. Rd6 Rc6 37. Rxc6 Nxc6 38. g4 Be4 39. Nf8+ Kg7 40. Nd7
Ne5 41. Nxb6 f5 42. Bd1 Nd3 43. Nc4 f4 44. Nd2 f3 45. Kf1 Bd5 {Time} 1-0

[Event "Regency Masters 6th"]
[Site "Ramsgate"]
[Date "1984.12.11"]
[Round "4"]
[White "Singh, PK.."]
[Black "Hodgson, Julian M"]
[Result "0-1"]
[WhiteElo "2260"]
[BlackElo "2450"]
[PlyCount "66"]
[EventDate "1984.12.08"]
[EventType "swiss"]
[EventRounds "9"]
[EventCountry "ENG"]
[SourceTitle "BritBase"]
[Source "John Saunders"]
[SourceDate "2020.09.07"]
[SourceVersion "1"]
[SourceVersionDate "2020.09.07"]
[SourceQuality "2"]

1. e4 c5 2. Nf3 d6 3. d4 cxd4 4. Nxd4 Nf6 5. Nc3 a6 6. Be2 g6 7. a4 Bg7 8. O-O
O-O 9. Bg5 Nc6 10. Nb3 Na5 11. Nxa5 Qxa5 12. Qd2 Be6 13. Rad1 Qb4 14. Bxf6 Bxf6
15. Nd5 Qxa4 16. Nb6 Qxe4 17. Bf3 Qe5 18. Nxa8 Rxa8 19. Bxb7 Ra7 20. Bf3 Qxb2
21. Rb1 Qc3 22. Qh6 Rc7 23. Rb8+ Rc8 24. Rxc8+ Qxc8 25. Rb1 Bc4 26. h4 Bb5 27.
c4 Bxc4 28. Rb6 d5 29. Qf4 Qf5 30. Qb8+ Kg7 31. h5 gxh5 32. Qe8 Qf4 33. Bxh5
Bd4 0-1

[Event "Regency Masters 6th"]
[Site "Ramsgate"]
[Date "1984.12.12"]
[Round "5"]
[White "Ady, Jonathan James"]
[Black "Ravikumar, Vaidyanathan"]
[Result "0-1"]
[WhiteElo "2290"]
[BlackElo "2385"]
[PlyCount "78"]
[EventDate "1984.12.08"]
[EventType "swiss"]
[EventRounds "9"]
[EventCountry "ENG"]
[SourceTitle "BritBase"]
[Source "John Saunders"]
[SourceDate "2020.09.07"]
[SourceVersion "1"]
[SourceVersionDate "2020.09.07"]
[SourceQuality "2"]

1. e4 c5 2. Nf3 Nc6 3. d4 cxd4 4. Nxd4 Nf6 5. Nc3 d6 6. Bc4 Qb6 7. Nb3 e6 8.
O-O Be7 9. Be3 Qc7 10. f4 a6 11. Bd3 b5 12. Qf3 Bb7 13. Rae1 Nb4 14. Qh3 Nxd3
15. cxd3 O-O 16. Nd4 Rfe8 17. Rf3 Bf8 18. Qh4 b4 19. Nce2 Qd8 20. Rh3 h6 21.
Qg3 Kh8 22. Nf3 Ng8 23. Ng5 Qd7 24. Nd4 Bc8 25. Rf1 f6 26. Ngf3 Qf7 27. e5 Bd7
28. Nh4 Kh7 29. Nhf3 Ne7 30. Ng5+ fxg5 31. fxg5 Qg8 32. g6+ Kh8 33. exd6 Nd5
34. Rf7 Nxe3 35. Qxe3 e5 36. Rxd7 Qd5 37. Rf7 Qxd6 38. Nf5 Qxg6 39. Qe4 Qxf7
0-1

[Event "Regency Masters 6th"]
[Site "Ramsgate"]
[Date "1984.12.12"]
[Round "5"]
[White "Cuijpers, Frans Andre"]
[Black "Halpin, Patrick"]
[Result "1-0"]
[WhiteElo "2365"]
[BlackElo "2200"]
[PlyCount "37"]
[EventDate "1984.12.08"]
[EventType "swiss"]
[EventRounds "9"]
[EventCountry "ENG"]
[SourceTitle "BritBase"]
[Source "John Saunders"]
[SourceDate "2020.09.07"]
[SourceVersion "1"]
[SourceVersionDate "2020.09.07"]
[SourceQuality "2"]

1. e4 e5 2. Nf3 d6 3. d4 Nf6 4. Nc3 exd4 5. Nxd4 g6 6. Bg5 Bg7 7. Qd2 h6 8. Be3
Nc6 9. f3 Bd7 10. O-O-O Qe7 11. Bc4 a6 12. Rhe1 Nxd4 13. Bxd4 O-O 14. e5 dxe5
15. Rxe5 Qb4 16. Rc5 b5 17. a3 Qa5 18. Bxf6 Bxf6 19. Qxh6 1-0

[Event "Regency Masters 6th"]
[Site "Ramsgate"]
[Date "1984.12.12"]
[Round "5"]
[White "De Boer, Gert Jan"]
[Black "Crawley, Gavin"]
[Result "1-0"]
[WhiteElo "2335"]
[BlackElo "2300"]
[PlyCount "39"]
[EventDate "1984.12.08"]
[EventType "swiss"]
[EventRounds "9"]
[EventCountry "ENG"]
[SourceTitle "BritBase"]
[Source "John Saunders"]
[SourceDate "2020.09.07"]
[SourceVersion "1"]
[SourceVersionDate "2020.09.07"]
[SourceQuality "2"]

1. d4 d5 2. c4 e5 3. dxe5 d4 4. Nf3 Nc6 5. g3 Bg4 6. Bg2 Qd7 7. Nbd2 O-O-O 8.
O-O h5 9. b4 Bxb4 10. Qa4 Bh3 11. e6 Bxe6 12. Rb1 Qd6 13. Ne4 Qe7 14. Ne5 Nxe5
15. Rxb4 c5 16. Rb1 a6 17. Nxc5 Qxc5 18. Ba3 Qxc4 19. Bxb7+ Kc7 20. Rfc1 1-0

[Event "Regency Masters 6th"]
[Site "Ramsgate"]
[Date "1984.12.12"]
[Round "5"]
[White "Delanoy, Arnaud"]
[Black "Singh, PK.."]
[Result "1/2-1/2"]
[WhiteElo "2000"]
[BlackElo "2260"]
[PlyCount "92"]
[EventDate "1984.12.08"]
[EventType "swiss"]
[EventRounds "9"]
[EventCountry "ENG"]
[SourceTitle "BritBase"]
[Source "John Saunders"]
[SourceDate "2020.09.07"]
[SourceVersion "1"]
[SourceVersionDate "2020.09.07"]
[SourceQuality "2"]

1. d4 Nf6 2. c4 e6 3. Nf3 c5 4. e3 cxd4 5. exd4 d5 6. a3 Be7 7. Nc3 O-O 8. cxd5
Nxd5 9. Bd3 Nc6 10. O-O b6 11. Qc2 Nf6 12. Ne4 Nxd4 13. Nxd4 Qxd4 14. Nxf6+
Bxf6 15. Bxh7+ Kh8 16. Be4 Rb8 17. Qe2 Kg8 18. Bf4 e5 19. Rfd1 Bg4 20. Rxd4
Bxe2 21. Rd2 Bc4 22. Be3 Be6 23. Rc1 Rfc8 24. Rdc2 Rxc2 25. Rxc2 Bd8 26. g3 f5
27. Bd3 Rc8 28. Rxc8 Bxc8 29. Bc4+ Kf8 30. Kf1 g5 31. Ke2 Kg7 32. Bd2 Kg6 33.
h3 f4 34. g4 {[Bulletin gives 34 gh]} Bb7 {[Bulletin gives Bh7]} 35. f3 e4 36.
fxe4 Bxe4 37. Bd3 Bxd3+ 38. Kxd3 b5 39. Ke4 Kf6 40. b3 Ke6 41. a4 bxa4 42. bxa4
Kd6 43. h4 gxh4 44. Kxf4 Kc5 45. g5 Bxg5+ 46. Kxg5 h3 1/2-1/2

[Event "Regency Masters 6th"]
[Site "Ramsgate"]
[Date "1984.12.12"]
[Round "5"]
[White "Dunnington, Angus J"]
[Black "Hebert, Jean"]
[Result "1-0"]
[WhiteElo "2325"]
[BlackElo "2395"]
[PlyCount "141"]
[EventDate "1984.12.08"]
[EventType "swiss"]
[EventRounds "9"]
[EventCountry "ENG"]
[SourceTitle "BritBase"]
[Source "John Saunders"]
[SourceDate "2020.09.07"]
[SourceVersion "1"]
[SourceVersionDate "2020.09.07"]
[SourceQuality "2"]

1. d4 Nf6 2. c4 e6 3. g3 c5 4. Nf3 cxd4 5. Nxd4 Bb4+ 6. Nc3 Ne4 7. Qc2 Qa5 8.
Ndb5 a6 9. Qxe4 axb5 10. Bd2 bxc4 11. Qxc4 Nc6 12. Bg2 d5 13. Qh4 O-O 14. O-O
Ne5 15. a3 Nc4 16. Be1 Nxb2 17. Nxd5 Bxe1 18. Ne7+ Kh8 19. Rfxe1 Qe5 20. Qb4
Bd7 21. Qxb7 Ba4 22. Nc6 Qf6 23. Reb1 Bxc6 24. Qxb2 Qxb2 25. Rxb2 Bxg2 26. Kxg2
Ra5 27. a4 Rfa8 28. Rab1 g6 29. Rb8+ Rxb8 30. Rxb8+ Kg7 31. Rb4 h5 32. Kf3 Kf6
33. h4 Rc5 34. Ke3 Rc2 35. Kd3 Ra2 36. f3 Ke5 37. g4 f5 38. g5 Ra3+ 39. Kd2 Kd5
40. Ke1 e5 41. Kf2 Ke6 42. Rb6+ Kf7 43. Rb7+ Kg8 44. Ra7 Kf8 45. a5 Ra4 46.
Ra8+ Kg7 47. Ra7+ Kf8 48. a6 Ra3 49. Ke1 e4 50. fxe4 fxe4 51. Kf2 Ke8 52. Ra8+
Kf7 53. a7 Kg7 54. e3 Kh7 55. Ke2 Kg7 56. Kd2 Kh7 57. Kc2 Kg7 58. Kb2 Ra6 59.
Kb3 Ra1 60. Kc4 Ra2 61. Kd5 Ra4 62. Ke6 Ra6+ 63. Ke7 Ra5 64. Ke8 Kg8 65. Kd7+
Kg7 66. Kc6 Ra4 67. Rd8 Rxa7 68. Rd7+ Rxd7 69. Kxd7 Kf8 70. Ke6 Kg7 71. Ke7 1-0

[Event "Regency Masters 6th"]
[Site "Ramsgate"]
[Date "1984.12.12"]
[Round "5"]
[White "Gil Capape, Javier"]
[Black "Josephs, Ian"]
[Result "1-0"]
[WhiteElo "2175"]
[BlackElo "1800"]
[PlyCount "144"]
[EventDate "1984.12.08"]
[EventType "swiss"]
[EventRounds "9"]
[EventCountry "ENG"]
[SourceTitle "BritBase"]
[Source "John Saunders"]
[SourceDate "2020.09.07"]
[SourceVersion "1"]
[SourceVersionDate "2020.09.07"]
[SourceQuality "2"]

1. d4 d5 2. c4 e6 3. Nc3 Nf6 4. Bg5 Nbd7 5. e3 c6 6. Nf3 Qa5 7. Nd2 Bb4 8. Qc2
O-O 9. Be2 dxc4 10. Bxf6 Nxf6 11. Nxc4 Qc7 12. O-O b6 13. Rac1 Bb7 14. Ne5 Rac8
15. Nb5 Qb8 16. Qa4 a5 17. Na3 Bd6 18. Qb3 b5 19. Nf3 a4 20. Qc2 c5 21. Nxb5
cxd4 22. Qxa4 Bxf3 23. Bxf3 Bxh2+ 24. Kh1 dxe3 25. fxe3 Rfd8 26. Nd4 Rxc1 27.
Rxc1 Be5 28. Qb5 Qxb5 29. Nxb5 Bxb2 30. Rc4 g6 31. a4 Rb8 32. Bc6 Nd5 33. a5
Ne7 34. a6 Nxc6 35. Rxc6 Rxb5 36. a7 Ra5 37. Rc8+ Kg7 38. a8=Q Rxa8 39. Rxa8 f5
40. Ra7+ Kh6 41. Kg1 e5 42. Kf2 f4 43. Rb7 fxe3+ 44. Kxe3 Bd4+ 45. Ke4 Bc3 46.
Re7 Bd4 47. Kd5 g5 48. g4 Kg6 49. Rc7 h6 50. Ke4 Kf6 51. Rc6+ Kg7 52. Kf5 Kh7
53. Rc7+ Kg8 54. Kg6 Kf8 55. Kxh6 Be3 56. Kg6 Bf4 57. Kf6 Ke8 58. Ra7 Kd8 59.
Kf5 Ke8 60. Ke6 Kd8 61. Ra4 Kc7 62. Rb4 Kd8 63. Rb1 Bg3 64. Rb3 Bf4 65. Rd3+
Kc7 66. Rd7+ Kc8 67. Rd5 Bg3 68. Rxe5 Bxe5 69. Kxe5 Kd7 70. Kf6 Ke8 71. Kxg5
Kf8 72. Kg6 Kg8 1-0

[Event "Regency Masters 6th"]
[Site "Ramsgate"]
[Date "1984.12.12"]
[Round "5"]
[White "Gillam, Simon R"]
[Black "Duxbury, Craig"]
[Result "1/2-1/2"]
[WhiteElo "2235"]
[BlackElo "1950"]
[PlyCount "54"]
[EventDate "1984.12.08"]
[EventType "swiss"]
[EventRounds "9"]
[EventCountry "ENG"]
[SourceTitle "BritBase"]
[Source "John Saunders"]
[SourceDate "2020.09.07"]
[SourceVersion "1"]
[SourceVersionDate "2020.09.07"]
[SourceQuality "2"]

1. d4 d5 2. g3 Nf6 3. Bg2 c5 4. c3 Nc6 5. Nf3 Bf5 6. O-O e6 7. Bg5 h6 8. Bxf6
Qxf6 9. Qa4 Bd6 10. Nbd2 O-O 11. dxc5 Bxc5 12. e4 dxe4 13. Nxe4 Bxe4 14. Qxe4
Rfd8 15. a4 a5 16. Qc4 Ne5 17. Nxe5 Qxe5 18. Qb5 Rd2 19. Kh1 Qc7 20. b4 Bxf2
21. bxa5 Bxg3 22. hxg3 Qxg3 23. Qxb7 Rxa5 24. Qxf7+ Kh7 25. Be4+ Rf5 26. Bxf5+
exf5 27. Qxf5+ Kh8 1/2-1/2

[Event "Regency Masters 6th"]
[Site "Ramsgate"]
[Date "1984.12.12"]
[Round "5"]
[White "Hartoch, Robert"]
[Black "Kuijf, Marinus"]
[Result "1/2-1/2"]
[WhiteElo "2365"]
[BlackElo "2335"]
[PlyCount "53"]
[EventDate "1984.12.08"]
[EventType "swiss"]
[EventRounds "9"]
[EventCountry "ENG"]
[SourceTitle "BritBase"]
[Source "John Saunders"]
[SourceDate "2020.09.07"]
[SourceVersion "1"]
[SourceVersionDate "2020.09.07"]
[SourceQuality "2"]

1. g3 Nf6 2. Bg2 d5 3. d3 Bf5 4. Nd2 e6 5. e4 Bg6 6. Ne2 dxe4 7. dxe4 e5 8. O-O
Nc6 9. Nc3 Bb4 10. Nd5 Bxd2 11. Nxf6+ Qxf6 12. Bxd2 Rd8 13. c3 O-O 14. Qe2 Qe6
15. Rfd1 f6 16. b3 Ne7 17. Be3 Qc6 18. Qc2 Nc8 19. Rxd8 Rxd8 20. f3 Nd6 21. Rd1
Rf8 22. Qd2 Bf7 23. c4 b6 24. Rc1 Nb7 25. Rd1 Be6 26. Qf2 a5 27. Bf1 1/2-1/2

[Event "Regency Masters 6th"]
[Site "Ramsgate"]
[Date "1984.12.12"]
[Round "5"]
[White "Hebden, Mark L"]
[Black "Nicholson, John G"]
[Result "1-0"]
[WhiteElo "2480"]
[BlackElo "2295"]
[PlyCount "83"]
[EventDate "1984.12.08"]
[EventType "swiss"]
[EventRounds "9"]
[EventCountry "ENG"]
[SourceTitle "BritBase"]
[Source "John Saunders"]
[SourceDate "2020.09.07"]
[SourceVersion "1"]
[SourceVersionDate "2020.09.07"]
[SourceQuality "2"]

1. e4 c5 2. f4 d5 3. Nc3 dxe4 4. Nxe4 e6 5. Nf3 Nf6 6. Nf2 Nc6 7. g3 b6 8. Bg2
Bb7 9. O-O Bd6 10. b3 O-O 11. Bb2 Qe7 12. Nd3 Rad8 13. c4 Bb8 14. Qe2 Ne8 15.
Rad1 Nd6 16. g4 h5 17. Nfe5 Nd4 18. Bxd4 cxd4 19. Bxb7 Qxb7 20. gxh5 Nf5 21.
Ng4 Qe7 22. Rf2 Qh4 23. Rg2 Kh8 24. Nge5 Bxe5 25. fxe5 Rc8 26. Rf1 b5 27. c5
Qe7 28. Qg4 Rg8 29. b4 a5 30. a3 axb4 31. axb4 Ra8 32. Qe4 Ra3 33. Rg4 Ra2 34.
Qf4 Ra3 35. Nf2 f6 36. Ne4 Qf7 37. Rg6 Rh3 38. exf6 Rxh5 39. Qg4 Rh7 40. Kh1
Qb7 41. Rf3 Rh4 42. Rxf5 1-0

[Event "Regency Masters 6th"]
[Site "Ramsgate"]
[Date "1984.12.12"]
[Round "5"]
[White "Hodgson, Julian M"]
[Black "Grooten, Herman"]
[Result "0-1"]
[WhiteElo "2450"]
[BlackElo "2310"]
[PlyCount "114"]
[EventDate "1984.12.08"]
[EventType "swiss"]
[EventRounds "9"]
[EventCountry "ENG"]
[SourceTitle "BritBase"]
[Source "John Saunders"]
[SourceDate "2020.09.07"]
[SourceVersion "1"]
[SourceVersionDate "2020.09.07"]
[SourceQuality "2"]

1. e4 c5 2. f4 e6 3. Nf3 d5 4. Bb5+ Bd7 5. Bxd7+ Qxd7 6. Ne5 Qc7 7. exd5 exd5
8. Nc3 Nf6 9. Qf3 Nc6 10. Nxd5 Nxd5 11. Qxd5 Rd8 12. Qe4 Rd4 13. Qe2 Nxe5 14.
fxe5 Rd5 15. O-O Qxe5 16. Qb5+ Rd7 17. d4 Qxd4+ 18. Kh1 Be7 19. Bf4 O-O 20.
Rae1 a6 21. Qb3 Bh4 22. Be3 Qg4 23. Bf2 Bxf2 24. Rxf2 Rd1 25. Rff1 Rxe1 26.
Rxe1 b5 27. Qe3 Qf5 28. c4 bxc4 29. Qe5 Qf2 30. h3 g6 31. Rd1 Qc2 32. Rd5 Rc8
33. Kh2 Qa4 34. a3 Qb5 35. Qf6 Re8 36. Rd6 a5 37. Rb6 Qd7 38. Ra6 a4 39. Qd6
Qxd6+ 40. Rxd6 c3 41. bxc3 Re3 42. Ra6 Rxc3 43. Rxa4 Kg7 44. Ra7 Kf6 45. a4 Ke6
46. Ra6+ Kd5 47. a5 Ra3 48. Ra8 Kc6 49. a6 Ra5 50. Ra7 c4 51. Rxf7 Rxa6 52.
Rxh7 c3 53. Re7 c2 54. Re1 Kd5 55. Rc1 Rc6 56. Kg3 Ke4 57. Kg4 Rc5 0-1

[Event "Regency Masters 6th"]
[Site "Ramsgate"]
[Date "1984.12.12"]
[Round "5"]
[White "Janssen, Han"]
[Black "Eslon, Jaan"]
[Result "1-0"]
[WhiteElo "2285"]
[BlackElo "2445"]
[PlyCount "90"]
[EventDate "1984.12.08"]
[EventType "swiss"]
[EventRounds "9"]
[EventCountry "ENG"]
[SourceTitle "BritBase"]
[Source "John Saunders"]
[SourceDate "2020.09.07"]
[SourceVersion "1"]
[SourceVersionDate "2020.09.07"]
[SourceQuality "2"]

1. e4 e5 2. Nf3 Nc6 3. Bb5 a6 4. Bxc6 dxc6 5. O-O Ne7 6. Nxe5 Qd4 7. Nf3 Qxe4
8. d4 Bf5 9. c4 Qc2 10. Bf4 Qxd1 11. Rxd1 O-O-O 12. h3 f6 13. Nc3 g5 14. Be3
Be6 15. d5 cxd5 16. Bd4 Bg7 17. Re1 Kd7 18. Nxg5 Bg8 19. Rad1 Nf5 20. Nf3 Kc8
21. cxd5 Bxd5 22. Nxd5 Rxd5 23. Bc3 Rxd1 24. Rxd1 Ne7 25. Kf1 c6 26. Rd3 Rd8
27. Rxd8+ Kxd8 28. Ng5 fxg5 29. Bxg7 Ng8 30. Ke2 Ke7 31. Kf3 Kf7 32. Bd4 Ne7
33. Ke4 Ke6 34. Be3 Kf6 35. Bb6 Nd5 36. Bd8+ Kg6 37. g3 h5 38. a3 g4 39. hxg4
hxg4 40. Ke5 b5 41. Kd6 b4 42. Kxc6 bxa3 43. bxa3 Nc3 44. Bb6 Kf5 45. Kb7 Ke4
1-0

[Event "Regency Masters 6th"]
[Site "Ramsgate"]
[Date "1984.12.12"]
[Round "5"]
[White "King, Daniel J"]
[Black "Lengyel, Levente"]
[Result "1/2-1/2"]
[WhiteElo "2435"]
[BlackElo "2400"]
[PlyCount "24"]
[EventDate "1984.12.08"]
[EventType "swiss"]
[EventRounds "9"]
[EventCountry "ENG"]
[SourceTitle "BritBase"]
[Source "John Saunders"]
[SourceDate "2020.09.07"]
[SourceVersion "1"]
[SourceVersionDate "2020.09.07"]
[SourceQuality "2"]

1. e4 e6 2. d4 d5 3. Nc3 Nf6 4. e5 Nfd7 5. f4 c5 6. Nf3 Nc6 7. Be3 a6 8. dxc5
Bxc5 9. Qd2 Qb6 10. Bxc5 Qxc5 11. O-O-O b5 12. Nd4 Nb6 1/2-1/2

[Event "Regency Masters 6th"]
[Site "Ramsgate"]
[Date "1984.12.12"]
[Round "5"]
[White "Knoppert, Erik GJ"]
[Black "Carlier, Bruno"]
[Result "1/2-1/2"]
[WhiteElo "2260"]
[BlackElo "2230"]
[PlyCount "26"]
[EventDate "1984.12.08"]
[EventType "swiss"]
[EventRounds "9"]
[EventCountry "ENG"]
[SourceTitle "BritBase"]
[Source "John Saunders"]
[SourceDate "2020.09.07"]
[SourceVersion "1"]
[SourceVersionDate "2020.09.07"]
[SourceQuality "2"]

1. e4 e5 2. Nf3 Nc6 3. Bb5 a6 4. Ba4 Nf6 5. O-O Be7 6. Re1 b5 7. Bb3 d6 8. h3
O-O 9. c3 Bb7 10. d4 Re8 11. Ng5 Rf8 12. Nf3 Re8 13. Ng5 Rf8 1/2-1/2

[Event "Regency Masters 6th"]
[Site "Ramsgate"]
[Date "1984.12.12"]
[Round "5"]
[White "Littlewood, Paul E"]
[Black "Fuller, Maxwell L"]
[Result "1-0"]
[WhiteElo "2435"]
[BlackElo "2335"]
[PlyCount "141"]
[EventDate "1984.12.08"]
[EventType "swiss"]
[EventRounds "9"]
[EventCountry "ENG"]
[SourceTitle "BritBase"]
[Source "John Saunders"]
[SourceDate "2020.09.07"]
[SourceVersion "1"]
[SourceVersionDate "2020.09.07"]
[SourceQuality "2"]

1. d4 Nf6 2. c4 d6 3. Nc3 e5 4. Nf3 Nc6 5. d5 Ne7 6. e4 Ng6 7. h3 Be7 8. Be3
O-O 9. Qd2 Nxe4 10. Nxe4 f5 11. Bd3 fxe4 12. Bxe4 Bf5 13. Bxf5 Rxf5 14. O-O-O
Qd7 15. h4 Nf4 16. Ne1 Rf7 17. g3 Nh5 18. Nd3 Qg4 19. Qb4 b6 20. Rhe1 Raf8 21.
Rd2 Nf6 22. Qb5 Ne4 23. Rde2 Nc5 24. Bxc5 bxc5 25. Re4 Qf3 26. R4e3 Qg4 27. Re4
Qf3 28. Qb3 Qg2 29. R4e2 Rf3 30. Qd1 Qh3 31. Re4 R3f7 32. Qe2 Qd7 33. f4 exf4
34. Rxe7 Rxe7 35. Qxe7 Qxe7 36. Rxe7 fxg3 37. Re2 Rf1+ 38. Kd2 Rh1 39. Ke3 Rxh4
40. Nf4 g5 41. Ne6 h6 42. Kf3 Rxc4 43. Kxg3 Kf7 44. Rf2+ Kg6 45. Nf8+ Kg7 46.
Ne6+ Kg6 47. Nxc7 Rd4 48. Ne8 Rd3+ 49. Rf3 Rxd5 50. Rf6+ Kh7 51. Rxd6 Rxd6 52.
Nxd6 Kg6 53. Nc8 a6 54. Nd6 c4 55. Kf3 h5 56. Nb7 Kf5 57. Nc5 a5 58. Nb7 Ke5
59. Nxa5 Kd4 60. Nc6+ Kc5 61. Ne7 h4 62. Ke4 g4 63. Nf5 h3 64. Ng3 h2 65. a3
Kd6 66. Kd4 Ke6 67. a4 Kf6 68. a5 Kg5 69. Ke5 Kh4 70. Kf4 Kh3 71. a6 1-0

[Event "Regency Masters 6th"]
[Site "Ramsgate"]
[Date "1984.12.12"]
[Round "5"]
[White "Martin, Andrew D"]
[Black "Forintos, Gyozo V"]
[Result "1/2-1/2"]
[WhiteElo "2445"]
[BlackElo "2425"]
[PlyCount "39"]
[EventDate "1984.12.08"]
[EventType "swiss"]
[EventRounds "9"]
[EventCountry "ENG"]
[SourceTitle "BritBase"]
[Source "John Saunders"]
[SourceDate "2020.09.07"]
[SourceVersion "1"]
[SourceVersionDate "2020.09.07"]
[SourceQuality "2"]

1. d4 Nf6 2. c4 e6 3. Nf3 d5 4. Nc3 Be7 5. Bg5 O-O 6. Rc1 Nbd7 7. e3 h6 8. Bh4
b6 9. cxd5 exd5 10. Qa4 Bb7 11. Ba6 Bxa6 12. Qxa6 c6 13. O-O Nh5 14. Bg3 Nxg3
15. hxg3 Qc8 16. Qxc8 Raxc8 17. Rc2 Nb8 18. Rfc1 Rce8 19. Ne5 Bd6 20. Nd3
1/2-1/2